Central Library OPAC University of Rajshahi

Goodbye California / (Record no. 18308)

MARC details
000 -LEADER
fixed length control field 00657cam a2200241 i 4500
001 - CONTROL NUMBER
control field 18308
003 - CONTROL NUMBER IDENTIFIER
rucl marc code BD-RjUL
005 - DATE AND TIME OF LATEST TRANSACTION
control field 20211209000252.0
008 - FIXED-LENGTH DATA ELEMENTS--GENERAL INFORMATION
fixed length control field 140220s1977 enk 000 1 eng
020 ## - INTERNATIONAL STANDARD BOOK NUMBER
International Standard Book Number 070890310X
035 ## - SYSTEM CONTROL NUMBER
System control number (BD-RjUL)18366
040 ## - CATALOGING SOURCE
Original cataloging agency DLC
Transcribing agency DLC
Modifying agency BD-RjUL
Language of cataloging eng
041 ## - LANGUAGE CODE
Language code of text/sound track or separate title eng
082 00 - DEWEY DECIMAL CLASSIFICATION NUMBER
Classification number 823.914
Author mark and year MAG 1977
100 1# - MAIN ENTRY--PERSONAL NAME
Personal name MacLean, Alistair,
Dates associated with a name 1922-1987.
9 (RLIN) 56358
245 10 - TITLE STATEMENT
Title Goodbye California /
Statement of responsibility, etc. Alistair MacLean.
260 ## - PUBLICATION, DISTRIBUTION, ETC. (IMPRINT)
Place of publication, distribution, etc. Leicester :
Name of publisher, distributor, etc. Ulverscroft,
Date of publication, distribution, etc. c1977.
300 ## - PHYSICAL DESCRIPTION
Pagination 577 p. ;
Size 22 cm.
650 #0 - SUBJECT ADDED ENTRY--TOPICAL TERM
Topical term or geographic name as entry element Terrorism
Form subdivision Fiction.
9 (RLIN) 56359
942 ## - ADDED ENTRY ELEMENTS (KOHA)
Source of classification or shelving scheme Dewey Decimal Classification
Koha item type Books
Holdings
Lost status Source of classification or shelving scheme Damaged status Not for loan Collection code Permanent Location Current Location Shelving location Date acquired Source of acquisition Total Checkouts Full call number Date last seen Copy number Koha item type
  Dewey Decimal Classification   Not For Loan Fiction Central Library, University of Rajshahi Central Library, University of Rajshahi Reading Room 17/05/1995 Asia Foundation   823.914 MAG 1977 20/02/2014 C-1 Books